| 000 | 00718nam a2200217 a 4500 | ||
|---|---|---|---|
| 001 | 5929 | ||
| 003 | CDMR | ||
| 005 | 20151019134801.0 | ||
| 008 | 130220s2011||||||||||||||||||||||||||||d | ||
| 020 | _a9788461349531 | ||
| 040 |
_aCDMR _bcat _cCDMR |
||
| 100 | 1 |
_aCapdevila, Lluís _92934 |
|
| 245 | 1 | 4 |
_aLes cròniques de guerra de Lluís Capdevila _b: 1936-1939 _cLluís Capdevila ; [a cura de] Josep M. Figueres |
| 260 |
_aValls _bDuxelm |
||
| 260 |
_aBarcelona _bFundació Josep Irla _c2011 |
||
| 300 |
_a190 p ; _c18 cm |
||
| 600 | 1 |
_92934 _aCapdevila, Lluís _vRecull d'articles |
|
| 650 | 0 | 4 |
_93196 _aEspanya _xHistòria _y1936-1939, Guerra Civil |
| 700 | 1 |
_913 _aFigueres i Artigues, Josep Maria _eed. |
|
| 942 |
_cMON _2udc |
||
| 999 |
_c5929 _d5929 |
||